Statistics for People by Emojis

Click here to take the quiz!

General Stats

  • This quiz has been taken 97 times
  • The average score is 22 of 34

Answer Stats

EmojiAnswer% Correct
Boy
94%
Girl
93%
Man
90%
Baby
89%
Teacher
87%
Woman
87%
Cook
86%
Farmer
86%
Artist
83%
Prince
82%
Princess
82%
Health worker
78%
Firefighter
77%
Astronaut
76%
Ninja
76%
Baby angel
74%
Detective
70%
Police officer
70%
Judge
69%
Scientist
69%
Santa Claus
67%
Pilot
64%
Student
61%
Superhero
59%
Construction worker
57%
Guard
52%
Mechanic
52%
Child
51%
Singer
32%
Office worker
29%
Factory worker
23%
Person
20%
Supervillain
18%
Technologist
3%

Score Distribution

Percentile by Number Answered

Percent of People with Each Score

Your Score History

You have not taken this quiz